000
00211 a2200097 4500
001
42059
100
_a
Akhtar, R
245
_a
Pakistan Year Books
260
_a
_b
E & W Publishers Co.
_c
090
_c
26068
_d
26068
942
_a
NUST-CAE
_c
M
_c
17856
999
_c
277132
_d
277132